书目信息 |
| 题名: |
稳定的理论 方法和应用
|
|
| 作者: | 廖晓昕 编著 | |
| 分册: | ||
| 出版信息: | 武汉 华中理工大学出版社 1999.04 |
|
| 页数: | 376页 | |
| 开本: | 32开 | |
| 丛书名: | ||
| 单 册: | ||
| 中图分类: | O175.13 | |
| 科图分类: | ||
| 主题词: | 数学分析 | |
| 电子资源: | ||
| ISBN: | 7-5609-1921-9 | |
| 000 | 00578nam0 2200193 45 | |
| 001 | 1009090016 | |
| 005 | 20100909002347.8 | |
| 010 | @a7-5609-1921-9@d16.80元 | |
| 100 | @a20100909d1999 km y0chiy0120 ea | |
| 101 | 0 | @achi |
| 105 | @a z 000yy | |
| 200 | 1 | @a稳定的理论 方法和应用@AWen Ding De Li Lun Fang Fa He Ying Yong@f廖晓昕编著@FLiao Xiao Xin Bian Zhu |
| 210 | @a武汉@c华中理工大学出版社@d1999.04 | |
| 215 | @a376页@d32开 | |
| 606 | 0 | @a数学分析 |
| 690 | @aO175.13@v3 | |
| 701 | 0 | @a廖晓昕@4编著 |
| 801 | @aCN@bPftUser@c20100909 | |
| 905 | @b134685-694@dO175.13@eL902@f10 | |
| 稳定的理论 方法和应用/廖晓昕编著.-武汉:华中理工大学出版社,1999.04 |
| 376页;32开 |
| ISBN 7-5609-1921-9:16.80元 |
| ● |
| 相关链接 |
|
|
|
正题名:稳定的理论方法和应用
索取号:O175.13/L902
 
预约/预借
| 序号 | 登录号 | 条形码 | 馆藏地/架位号 | 状态 | 备注 |
| 1 | 134685 | 201346855 | 自科二线504/504自科库 47排6列2层/ [索取号:O175.13/L902] | 在馆 | |
| 2 | 134686 | 201346864 | 自科二线504/504自科库 47排6列2层/ [索取号:O175.13/L902] | 在馆 | |
| 3 | 134687 | 201346873 | 自科二线504/504自科库 47排6列2层/ [索取号:O175.13/L902] | 在馆 | |
| 4 | 134688 | 201346882 | 自科二线504/504自科库 47排6列2层/ [索取号:O175.13/L902] | 在馆 | |
| 5 | 134689 | 201346891 | 自科二线504/504自科库 47排6列2层/ [索取号:O175.13/L902] | 在馆 | |
| 6 | 134690 | 201346908 | 自科二线504/504自科库 47排6列2层/ [索取号:O175.13/L902] | 在馆 | |
| 7 | 134691 | 201346917 | 自科二线504/504自科库 47排6列2层/ [索取号:O175.13/L902] | 在馆 | |
| 8 | 134692 | 201346926 | 自科二线504/504自科库 47排6列2层/ [索取号:O175.13/L902] | 在馆 | |
| 9 | 134693 | 201346935 | 自科二线504/504自科库 47排6列2层/ [索取号:O175.13/L902] | 在馆 | |
| 10 | 134694 | 201346944 | 自科二线504/504自科库 47排6列2层/ [索取号:O175.13/L902] | 在馆 |